000 00836nam0a22002411 4500
001 rc\664634
005 20031121165454.4
035 _a(NLR Aleph) 005903628
090 _a6302976
_c6302976
100 _a20031121d1986 u |0rusy50 ca
101 0 _arus
102 _aRU
105 _ay |||||||||
200 1 _aПо строгому счету
_f[Лит. запись И.М. Золотарева]
210 _aХабаровск
_cКн. изд-во
_d1986
215 _a49 с.
_d16
225 1 _aВсероссийская серия "Экономия и бережливость"
_fОбществ. редкол.: А.С. Ревайкин и др.
_v1
700 1 _aКасач
_bГ. П.
_gГеннадий Петрович
801 0 _aRU
_bNLR
_gpsbo
801 1 _aRU
_bELAR
_2rusmarc
852 _aNLR
_j86-2/3273
942 _cBOOK
980 _aNB